000 nam a22 7a 4500
999 _c27429
_d27429
008 170208b xxu||||| |||| 00| 0 eng d
050 _aND 1170 .C7 1958
100 _a[edited by Craven, Thomas]
245 _aA treasury of art masterpieces:
_bfrom the reinaissance to the present day/
_cThoma craven.
260 _aNewYork :
_bSimon and Schuter,
_c1958.
300 _axvi, 327p. :
_bill. ;
_c28cm.
500 _aInclude index.
650 _aArt.
942 _2lcc
_cBOOKS